| 000 | 00838nam a2200229Ia 4500 | ||
|---|---|---|---|
| 003 | GCL | ||
| 005 | 20240530102259.0 | ||
| 008 | 140319s9999 xx 000 0 ara d | ||
| 040 |
_aGCL / _cGCL |
||
| 082 | 0 | 4 |
_a956.04 _bب ح |
| 100 | 1 | _aبيلى، سيدنى | |
| 245 | 1 | 0 |
_aالحروب العربية الاسرائيلية وعملية السلام / _cتاليف بيلى، سيدنى ، ترجمة الياس فرحات |
| 250 | _aط1 | ||
| 260 |
_aبيروت: _bدار الحرف العربى ، _c1992 |
||
| 300 |
_a 435 ص : _bصور ؛ _c24 سم |
||
| 650 | 0 | 4 | _aالعالم العربى |
| 650 | 0 | 4 | _aالنزاع العربى الاسرائيلى |
| 650 | 0 | 4 | _aالشرق الاوسط |
| 650 | 0 | 4 | _aالحروب العربية الاسرائيلية |
| 700 | 1 |
_aالياس فرحات _eمترجم |
|
| 942 |
_2ddc _cBK |
||
| 999 |
_c31122 _d31122 |
||